000 00280nam a2200133Ia 4500
100 _aLiyingston/ Brian
942 _cBK
654 _aWindows
245 _aWindows 3.1 Secrets
260 _bGalgotia
_aNew Delhi
_c1993
082 _a005.13 'w'
546 _aENGLISH
999 _c23555
_d23555